Methods of surveying and measuring vegetation. : (Record no. 16254)
[ view plain ]
| 000 -LEADER | |
|---|---|
| fixed length control field | 00567nam a2200181 4500 |
| 040 ## - CATALOGING SOURCE | |
| Transcribing agency | CDL |
| 082 ## - DEWEY DECIMAL CLASSIFICATION NUMBER | |
| Classification number | 636 AGR 1963 A105 Or. |
| 100 1# - MAIN ENTRY--AUTHOR NAME | |
| Personal name | Brown, Dorothy, |
| 245 10 - TITLE STATEMENT | |
| Title | Methods of surveying and measuring vegetation. : |
| Remainder of title | With a chapter on The theory of sampling / |
| 300 ## - PHYSICAL DESCRIPTION | |
| Number of Pages | xv, 223 pages : |
| Other physical details | illustrations ; |
| Dimensions | 25 cm |
| 490 1# - SERIES STATEMENT | |
| Series statement | Bulletin (Commonwealth Bureau of Pastures and Field Crops) ; |
| 500 ## - GENERAL NOTE | |
| General note | Correction slip inserted |
| 650 #0 - SUBJECT ADDED ENTRY--TOPICAL TERM | |
| Topical Term | Pastures |
| 650 #0 - SUBJECT ADDED ENTRY--TOPICAL TERM | |
| Topical Term | Rangelands |
| 650 #0 - SUBJECT ADDED ENTRY--TOPICAL TERM | |
| Topical Term | Plant ecology |
| 650 #0 - SUBJECT ADDED ENTRY--TOPICAL TERM | |
| Topical Term | Sampling (Statistics) |
| 942 ## - ADDED ENTRY ELEMENTS (KOHA) | |
| Koha item type | សៀវភៅភាសាអង់គ្លេស |
| 952 ## - LOCATION AND ITEM INFORMATION (KOHA) | |
| Withdrawn status [LOCAL, KOHA] | 0 |
| Permanent Location | Date acquired | Koha item type | Lost status | Shelving location | Barcode | Current Location | Full call number |
|---|---|---|---|---|---|---|---|
| Library Block A | 2018-01-26 | សៀវភៅភាសាអង់គ្លេស | A105 | A25318 | Library Block A | 636 AGR 1963 A105 Or. |